Personnages de Winnie l'Ourson par images - Statistiques

Statistiques générales
  • Ce quiz a été pris 305 fois
    287 depuis la dernière actualisation
  • Le résultat moyen est 8 sur 11
Statistiques - réponses
Par images Réponse % Correct
Winnie l'Ourson
100%
Tigrou
99%
Porcinet
97%
Bourriquet
87%
Coco Lapin
72%
Maman Gourou
68%
Petit Gourou
68%
Jean-Christophe
66%
Maître Hibou
61%
Lumpy
37%
Grignotin
16%
Aucun quiz correspondant
Distribution des résultats
% des personnes avec chaque résultat
Percentile par nombre de réponses
Votre historique - résultats
Vous n’avez pas pris ce quiz depuis la dernière actualisation